000 00309nam a2200133 i 4500
001 bg
100 1 _aŚWIĄTKIEWICZ, H. J.
245 0 _aMaszyny budowlane /
_cH.J. Świątkiewicz.
260 _aWarszawa,
_c1986.
040 _cBPK
041 _apol
942 _cKS
008 s pl f |000 0 pol
999 _c2766
_d2766
856 _uhttp://koha.tu.koszalin.pl/cgi-bin/koha/opac-detail.pl?biblionumber=2766
_yKatalog online BPK